Managing business transactions (Record no. 88153)

MARC details
000 -LEADER
fixed length control field 00452nam a2200181Ia 4500
008 - FIXED-LENGTH DATA ELEMENTS--GENERAL INFORMATION
fixed length control field 230125s9999 xx 000 0 und d
020 ## - INTERNATIONAL STANDARD BOOK NUMBER
International Standard Book Number 0-02-927596-2
041 ## - LANGUAGE CODE
Language code of text/sound track or separate title eng
082 ## - DEWEY DECIMAL CLASSIFICATION NUMBER
Classification number 658
Item number RUB
100 ## - MAIN ENTRY--PERSONAL NAME
Personal name Rubin P H
9 (RLIN) 111254
245 ## - TITLE STATEMENT
Title Managing business transactions
260 ## - PUBLICATION, DISTRIBUTION, ETC. (IMPRINT)
Date of publication, distribution, etc. 1990
Name of publisher, distributor, etc. Free press
Place of publication, distribution, etc. New Delhi
300 ## - PHYSICAL DESCRIPTION
Extent 181p
500 ## - GENERAL NOTE
Keywords General Management
650 ## - SUBJECT ADDED ENTRY--TOPICAL TERM
Topical term or geographic name as entry element Management
700 ## - ADDED ENTRY--PERSONAL NAME
Personal name Rubin P H
9 (RLIN) 111254
Holdings
Withdrawn status Lost status Damaged status Not for loan Home library Current library Date acquired Vendor Cost, normal purchase price Total Checkouts Full call number Barcode Date last seen Cost, replacement price Bill Date Koha item type Original Barcode
        Smt. Hiraben Nanavati Institute of Management & Research for Women Smt. Hiraben Nanavati Institute of Management & Research for Women 22/08/2000 Satish Book Distributors 240.00   658 RUB B02244 HIMR-BK-2244 25/01/2023 240.00 22/08/2000 Books B02244